000
00260nam a2200097Ia 4500
001
645047
005
20250826153616.0
008
250824s9999 xx 000 0 und d
245
0
_a
FAUST ANTİK DÜNYA KLASİKLERİ
_c
GOETHE
260
_b
ANTİK DÜNYA KLASİKLERİ
999
_c
645047
_d
645047